[Event "16th Asian-ch"]
[Site "Makati PHI"]
[Date "2018.12.17"]
[Round "8.9"]
[White "Ni Hua"]
[Black "Megaranto, Susanto"]
[Result "1/2-1/2"]
[WhiteElo "2683"]
[BlackElo "2512"]
[EventDate "2018.12.10"]
[PlyCount "96"]

1.d4 d5 2.c4 c6 3.Nf3 Nf6 4.Nc3 a6 5.c5 Bf5 6.Qb3 Qc8 7.Bf4 Nbd7 8.Nh4 Bg6
9.g3 e6 10.Bg2 Be7 11.Nxg6 hxg6 12.e4 dxe4 13.Nxe4 Nxe4 14.Bxe4 Nf6 15.Bf3
Nd5 16.Bd2 Bf6 17.Qc4 Qc7 18.Rd1 Rd8 19.O-O Rd7 20.Rfe1 O-O 21.Re4 Rfd8 
22.g4 b5 23.Qc1 g5 24.Bxg5 Bxg5 25.Qxg5 Nf6 26.Re2 Rxd4 27.Red2 R8d5 28.
Bxd5 Rxg4+ 29.Qxg4 Nxg4 30.Bg2 Qxh2+ 31.Kf1 Qf4 32.Kg1 g6 33.b4 e5 34.Re2 
f5 35.Rd6 e4 36.Rxg6+ Kf7 37.Rxc6 Qc1+ 38.Bf1 Ne5 39.Rc7+ Kf6 40.Re3 f4 
41.Rxe4 Nf3+ 42.Kg2 Nd2 43.Rxf4+ Ke5 44.Rcf7 Qxf1+ 45.Kh2 Qc1 46.R7f5+ Ke6
47.Rf6+ Ke5 48.R6f5+ Ke6 1/2-1/2

[Event "16th Asian-ch"]
[Site "Makati PHI"]
[Date "2018.12.17"]
[Round "8.19"]
[White "Bersamina, Paulo"]
[Black "Jacutina, John Merill"]
[Result "1-0"]
[WhiteElo "2444"]
[BlackElo "2296"]
[EventDate "2018.12.10"]
[PlyCount "91"]

1.e4 d5 2.exd5 Nf6 3.Nf3 Qxd5 4.Nc3 Qd6 5.d4 a6 6.g3 Bg4 7.Bg2 c6 8.O-O e6
9.h3 Bh5 10.Bf4 Qd8 11.g4 Bg6 12.Ne5 Nbd7 13.Qe2 Nxe5 14.dxe5 Nd7 15.Rad1 
Be7 16.Ne4 Bxe4 17.Bxe4 Qc7 18.c4 O-O-O 19.Bg2 Nb6 20.Rb1 g5 21.Bg3 Rd4 
22.Rfc1 Rhd8 23.b4 c5 24.Qf3 Bf8 25.Kh2 cxb4 26.c5 Nd5 27.a3 Bg7 28.axb4 
Nxb4 29.c6 b6 30.Qe2 a5 31.Rb3 Kb8 32.Qb5 R8d5 33.Bxd5 Rxd5 34.Rxb4 axb4 
35.Qxb4 Bxe5 36.Qf8+ Qc8 37.Bxe5+ Rxe5 38.c7+ Kb7 39.Qb4 Rd5 40.Kg1 h6 41.
Qe4 b5 42.Qb4 f5 43.Qa3 f4 44.Ra1 Kc6 45.Rc1+ Kb6 46.Qc3 1-0

[Event "16th Asian-ch"]
[Site "Makati PHI"]
[Date "2018.12.17"]
[Round "8.20"]
[White "Laylo, Darwin"]
[Black "Wang Shixu"]
[Result "1/2-1/2"]
[WhiteElo "2438"]
[BlackElo "2342"]
[EventDate "2018.12.10"]
[PlyCount "94"]

1.d4 Nf6 2.c4 e6 3.Nf3 d5 4.Bg5 Be7 5.Nc3 O-O 6.Qc2 h6 7.Bxf6 Bxf6 8.e3 c6
9.h4 c5 10.dxc5 Qa5 11.g4 Na6 12.g5 Bxc3+ 13.bxc3 h5 14.Rd1 Nxc5 15.cxd5 
exd5 16.Rxd5 Be6 17.Rd2 Na4 18.Bh3 Bg4 19.Bg2 Nxc3 20.O-O Rac8 21.Qb2 Bxf3
22.Bxf3 Na4 23.Qb3 Qxd2 24.Qxa4 g6 25.Rd1 Rc1 26.Rxc1 Qxc1+ 27.Kg2 Qc5 28.
Bxb7 Rb8 29.Qd7 Qb4 30.Bd5 Qg4+ 31.Qxg4 hxg4 32.Kg3 Rb4 33.h5 gxh5 34.g6 
Kg7 35.gxf7 Rb8 36.f3 gxf3 37.Kxf3 Kf6 38.Kg3 Rh8 39.Kh4 a5 40.e4 Ke5 41.
f8=Q Rxf8 42.Kxh5 a4 43.Kg4 a3 44.Kg3 Kd4 45.Kg4 Rf1 46.Kg5 Ke5 47.Kg4 
Rf4+ 1/2-1/2

[Event "16th Asian-ch"]
[Site "Makati PHI"]
[Date "2018.12.17"]
[Round "8.23"]
[White "Docena, Jerad"]
[Black "Antonio, Rogelio jr"]
[Result "1/2-1/2"]
[WhiteElo "2426"]
[BlackElo "2431"]
[EventDate "2018.12.10"]
[PlyCount "30"]

1.e4 c6 2.d4 d5 3.e5 Bf5 4.Nf3 e6 5.Be2 h6 6.Nbd2 c5 7.c4 Nc6 8.cxd5 Qxd5 
9.Bc4 Qd7 10.Nb3 Rd8 11.Be3 cxd4 12.Nbxd4 Bb4+ 13.Ke2 Nge7 14.Nxf5 Nxf5 
15.Qxd7+ Rxd7 1/2-1/2

[Event "16th Asian-ch"]
[Site "Makati PHI"]
[Date "2018.12.17"]
[Round "8.24"]
[White "Cuhendi, Sean Winshand"]
[Black "Montoya, Edsel"]
[Result "0-1"]
[WhiteElo "2429"]
[BlackElo "2312"]
[EventDate "2018.12.10"]
[PlyCount "114"]

1.e4 e5 2.Nf3 Nc6 3.Bc4 Bc5 4.O-O Nf6 5.d3 O-O 6.h3 h6 7.Re1 d6 8.c3 a6 9.
Bb3 Re8 10.Nbd2 Be6 11.Bc2 d5 12.exd5 Bxd5 13.b4 Bf8 14.a4 g6 15.Bb2 Nd7 
16.b5 Ne7 17.Nxe5 Nxe5 18.Rxe5 Bg7 19.Re1 Nf5 20.Rxe8+ Qxe8 21.Ne4 axb5 
22.axb5 Rd8 23.b6 cxb6 24.Qc1 Bc6 25.Qf4 b5 26.Re1 Qe6 27.Qc1 Qd5 28.Qa1 
Qd7 29.Bb3 Re8 30.Qa2 Re5 31.Ba3 Re8 32.g4 Nh4 33.Bxf7+ Qxf7 34.Qxf7+ Kxf7
35.Nd6+ Kg8 36.Rxe8+ Bxe8 37.Nxe8 Bxc3 38.Nd6 b4 39.Bc1 b3 40.Nc4 Nf3+ 41.
Kf1 b5 42.Nb2 Kf7 43.Nd1 Bd4 44.Bb2 Bxb2 45.Nxb2 Ke6 46.Kg2 Ne5 47.f4 Nd7 
48.Kf3 Nc5 49.Ke3 Na4 50.Nxa4 bxa4 51.Kd2 b2 52.Kc2 a3 53.d4 Ke7 54.h4 Ke6
55.h5 gxh5 56.gxh5 Kd6 57.f5 Kd5 0-1

[Event "16th Asian-ch"]
[Site "Makati PHI"]
[Date "2018.12.17"]
[Round "8.25"]
[White "Turqueza Mari, Joseph"]
[Black "Pascua, Haridas"]
[Result "0-1"]
[WhiteElo "2305"]
[BlackElo "2442"]
[EventDate "2018.12.10"]
[PlyCount "144"]

1.c4 Nf6 2.Nc3 e5 3.Nf3 Nc6 4.g3 Bc5 5.Bg2 d6 6.e3 O-O 7.O-O a6 8.d4 Ba7 
9.h3 Rb8 10.b3 b5 11.cxb5 axb5 12.dxe5 Nxe5 13.Bb2 Nxf3+ 14.Qxf3 Bb7 15.
Qf4 Bxg2 16.Kxg2 Qe7 17.Rfd1 b4 18.Ne2 Ne4 19.Rac1 f5 20.h4 Bc5 21.Rc2 h6 
22.Qf3 Rbe8 23.Ba1 Kh7 24.Nf4 Ra8 25.h5 Rf7 26.Ng6 Qe8 27.Kg1 Ng5 28.Qd5 
Ra5 29.Qg2 Ne4 30.Qf3 Qa8 31.a4 bxa3 32.Rc4 Ng5 33.Qg2 Qxg2+ 34.Kxg2 Ra8 
35.Bd4 Ne4 36.Ba1 Nf6 37.Bxf6 Rxf6 38.b4 Ra4 39.Rc3 Bxb4 40.Rxc7 Ra8 41.
Rb1 Ba5 42.Rc2 d5 43.Rb3 Bd8 44.Ra2 Rfa6 45.Nf4 Ra5 46.Rd3 Be7 47.Rxd5 
Rxd5 48.Nxd5 Bd6 49.Nb6 Rb8 50.Nc4 Bc5 51.Kf3 Rb3 52.Ke2 Kg8 53.Nd2 Rb2 
54.Rxb2 axb2 55.Kd3 Bb4 56.Nb1 Kf7 57.Kc2 Be1 58.f4 Bxg3 59.Kxb2 Bf2 60.
Nc3 Bxe3 61.Nd5 Bd4+ 62.Kc2 Ke6 63.Nb4 Be3 64.Kd3 Bxf4 65.Kd4 Be5+ 66.Ke3 
Kf6 67.Nc6 Bc3 68.Kd3 Bb2 69.Ke3 Kg5 70.Kf3 Kxh5 71.Kf4 g6 72.Ne7 Bc1+ 0-1

[Event "16th Asian-ch"]
[Site "Makati PHI"]
[Date "2018.12.17"]
[Round "8.26"]
[White "Taher, Yoseph Theolifus"]
[Black "Song Yuxin"]
[Result "1-0"]
[WhiteElo "2454"]
[BlackElo "2178"]
[EventDate "2018.12.10"]
[PlyCount "103"]

1.d4 Nf6 2.Nc3 d5 3.Bf4 c6 4.e3 Bf5 5.h3 h6 6.Nf3 e6 7.Bd3 Bxd3 8.Qxd3 Bd6
9.O-O-O Qc7 10.Bxd6 Qxd6 11.Ne5 Nbd7 12.f4 Qe7 13.e4 O-O-O 14.Nxd7 dxe4 
15.Nb6+ axb6 16.Nxe4 c5 17.Qe3 Nxe4 18.Qxe4 Qf6 19.dxc5 bxc5 20.Qc4 Kb8 
21.g3 Qe7 22.a3 Qc7 23.Qc3 f6 24.Qe3 Qc6 25.Rhe1 Rxd1+ 26.Rxd1 Kc8 27.Qd3 
Qc7 28.Qe4 Qe7 29.Qa4 Re8 30.Rd3 Kc7 31.Kb1 Rc8 32.Qa7 Kc6 33.c4 e5 34.
fxe5 fxe5 35.a4 Qf7 36.Rc3 Rc7 37.a5 Qf5+ 38.Ka2 Kd7 39.Qb8 e4 40.Rc1 Qf7 
41.Rd1+ Kc6 42.Rd5 Rd7 43.Qa7 Rxd5 44.Qb6+ Kd7 45.Qxb7+ Ke8 46.Qxd5 Qe7 
47.a6 e3 48.Qg8+ Kd7 49.a7 e2 50.a8=Q e1=Q 51.Qac8+ Kd6 52.Qd5# 1-0

[Event "16th Asian-ch"]
[Site "Makati PHI"]
[Date "2018.12.17"]
[Round "8.27"]
[White "Dimakiling, Oliver"]
[Black "Gong, Daniel Hanwen"]
[Result "1-0"]
[WhiteElo "2434"]
[BlackElo "2270"]
[EventDate "2018.12.10"]
[PlyCount "81"]

1.c4 Nf6 2.Nf3 g6 3.g3 Bg7 4.Bg2 d6 5.d4 O-O 6.O-O Nc6 7.h3 e5 8.Nc3 h6 9.
e4 exd4 10.Nxd4 Nxd4 11.Qxd4 Ng4 12.Qd1 Ne5 13.b3 g5 14.Bb2 g4 15.hxg4 
Bxg4 16.f3 Be6 17.Qd2 c6 18.Ne2 d5 19.cxd5 cxd5 20.f4 Ng4 21.Bxg7 Kxg7 22.
Qd4+ Qf6 23.f5 Bd7 24.Rf4 Ne3 25.e5 Qb6 26.e6+ Qxd4 27.Nxd4 fxe6 28.fxe6 
Bc6 29.Bh3 h5 30.Re1 Rxf4 31.gxf4 Ng4 32.Bxg4 hxg4 33.Kf2 Kf6 34.Rh1 Rg8 
35.Kg3 a5 36.Rh7 Rf8 37.Kxg4 Rg8+ 38.Kf3 Rf8 39.Rc7 Rh8 40.Rf7+ Kg6 41.Kg4
1-0

[Event "16th Asian-ch"]
[Site "Makati PHI"]
[Date "2018.12.17"]
[Round "8.28"]
[White "Nouri, Alekhine"]
[Black "Nava, Roderick"]
[Result "0-1"]
[WhiteElo "2013"]
[BlackElo "2392"]
[EventDate "2018.12.10"]
[PlyCount "60"]

1.e4 c5 2.Nf3 g6 3.d4 cxd4 4.Nxd4 Bg7 5.Nc3 Nc6 6.Be3 Nf6 7.Bc4 O-O 8.Bb3 
a5 9.a4 Ng4 10.Nxc6 dxc6 11.Qxd8 Rxd8 12.Bb6 Re8 13.f3 Nf6 14.O-O-O Nd7 
15.Be3 e5 16.h4 Bf8 17.h5 Nc5 18.Bc4 Ne6 19.hxg6 hxg6 20.g3 Bc5 21.Bh6 Nd4
22.f4 Be6 23.Bxe6 Rxe6 24.Rdf1 f5 25.g4 fxg4 26.Rh4 Nf3 27.f5 Nxh4 28.fxe6
Nf3 29.Nd1 g5 30.e7 g3 0-1

[Event "16th Asian-ch"]
[Site "Makati PHI"]
[Date "2018.12.17"]
[Round "8.29"]
[White "Concio, Michael jr"]
[Black "Quizon, Daniel"]
[Result "1/2-1/2"]
[WhiteElo "1991"]
[BlackElo "2314"]
[EventDate "2018.12.10"]
[PlyCount "95"]

1.d4 Nf6 2.c4 c5 3.e3 g6 4.Nf3 Bg7 5.Be2 O-O 6.O-O d6 7.b3 Nc6 8.Bb2 Ne4 
9.Qc1 e5 10.dxe5 dxe5 11.Rd1 Qe7 12.Nc3 Nxc3 13.Qxc3 Be6 14.Ne1 f5 15.f4 
Bf6 16.Qc1 Rad8 17.Nd3 exf4 18.Bxf6 Qxf6 19.exf4 Nd4 20.Bf1 b6 21.Re1 Bc8 
22.Qb2 Bb7 23.Rad1 Be4 24.Ne5 Nc2 25.Rxd8 Qxd8 26.Rxe4 fxe4 27.Qxc2 Rxf4 
28.g3 Qd4+ 29.Kg2 Rxf1 30.Kxf1 Qxe5 31.Qd2 Qf6+ 32.Ke1 Qd4 33.Ke2 Kg7 34.
Qf4 Qb2+ 35.Ke3 Qd4+ 36.Ke2 Qd3+ 37.Kf2 Qc2+ 38.Ke3 Qd3+ 39.Kf2 h6 40.h3 
Qd4+ 41.Ke2 Qd3+ 42.Kf2 g5 43.Qc7+ Kf6 44.Qc6+ Ke7 45.Qc7+ Kf6 46.Qc6+ Kg7
47.Qc7+ Kg6 48.Qc6+ 1/2-1/2

[Event "16th Asian-ch"]
[Site "Makati PHI"]
[Date "2018.12.17"]
[Round "8.30"]
[White "Priasmoro, Novendra"]
[Black "Young, Angelo"]
[Result "1/2-1/2"]
[WhiteElo "2483"]
[BlackElo "2282"]
[EventDate "2018.12.10"]
[PlyCount "96"]

1.e4 c5 2.Nf3 d6 3.d4 cxd4 4.Nxd4 Nf6 5.Nc3 a6 6.Bg5 e6 7.f4 Qb6 8.Qd2 
Nbd7 9.O-O-O Be7 10.Bc4 h6 11.Bxf6 Nxf6 12.g4 Qc5 13.Bb3 Bd7 14.g5 hxg5 
15.f5 e5 16.Nf3 g4 17.Ng5 Rf8 18.Rhg1 Bc6 19.Kb1 Bd8 20.Nd5 Bxd5 21.Bxd5 
Rc8 22.c3 b5 23.Rg3 a5 24.Rd3 Be7 25.Rg3 Rc7 26.a3 Nxd5 27.exd5 Qc4 28.Re1
Rc5 29.Ne4 Rxd5 30.Qe3 Qc7 31.Rxg4 Rh8 32.Rxg7 Qb7 33.Qf3 Qc6 34.Reg1 b4 
35.Rg8+ Rxg8 36.Rxg8+ Kd7 37.f6 Bd8 38.axb4 axb4 39.cxb4 Qc4 40.Rf8 Rd4 
41.Ng5 e4 42.Qf5+ Kc6 43.Qc8+ Bc7 44.Qe8+ Kb6 45.Qa4 Qf1+ 46.Ka2 Qc4+ 47.
Kb1 Qf1+ 48.Ka2 Qc4+ 1/2-1/2

[Event "16th Asian-ch"]
[Site "Makati PHI"]
[Date "2018.12.17"]
[Round "8.31"]
[White "Schain, Randolph"]
[Black "Bai, Adelard"]
[Result "0-1"]
[WhiteElo "2229"]
[BlackElo "2100"]
[EventDate "2018.12.10"]
[PlyCount "54"]

1.d4 d5 2.Nc3 c5 3.Nf3 Nc6 4.Bf4 Bg4 5.Ne5 Nxe5 6.dxe5 d4 7.Ne4 Bf5 8.Ng3 
Bg6 9.Qd2 Qb6 10.O-O-O e6 11.e3 Rd8 12.Bc4 Ne7 13.Bg5 h6 14.Bxe7 Bxe7 15.
Bd3 dxe3 16.Qxe3 Bg5 17.f4 c4 18.Qxb6 Bxf4+ 19.Kb1 axb6 20.Bxc4 Bxe5 21.
Rde1 Bxg3 22.hxg3 Rd2 23.Bxe6 fxe6 24.Rxe6+ Kf7 25.Rxb6 Rhd8 26.Rxb7+ Kg8 
27.Rc1 Rxc2 0-1

[Event "16th Asian-ch"]
[Site "Makati PHI"]
[Date "2018.12.17"]
[Round "8.32"]
[White "Orio, Rogelio"]
[Black "Pangilinan, Stephen Rome"]
[Result "0-1"]
[WhiteElo "1793"]
[BlackElo "2276"]
[EventDate "2018.12.10"]
[PlyCount "104"]

1.d4 d5 2.Bf4 Nf6 3.e3 g6 4.Be2 Bg7 5.c3 b6 6.Nd2 Nbd7 7.Ngf3 O-O 8.h3 c5 
9.O-O Bb7 10.Re1 Ne8 11.a4 a6 12.Qc2 Rc8 13.Ne5 Nxe5 14.dxe5 Nc7 15.Rad1 
Ne6 16.Bg3 d4 17.Qb1 dxe3 18.fxe3 Qc7 19.Bf3 c4 20.Bxb7 Qxb7 21.Nf3 Nc5 
22.Rd4 Nd3 23.Re2 b5 24.axb5 Qxb5 25.b4 a5 26.e4 axb4 27.cxb4 Rfd8 28.Rd5 
Rxd5 29.exd5 Qxd5 30.b5 Rb8 31.e6 Rxb5 32.exf7+ Kxf7 33.Qf1 Bf6 34.h4 Qf5 
35.Kh2 c3 36.Rc2 Rb2 37.Qd1 Nf4 38.Rxb2 cxb2 39.Qb3+ Kg7 40.Nd2 Qd5 41.
Qxd5 Nxd5 42.Nb1 Nc3 43.Na3 b1=Q 44.Nxb1 Nxb1 45.Be1 Nc3 46.g3 Ne4 47.Kg2 
Bc3 48.Bxc3+ Nxc3 49.Kf3 h5 50.Ke3 Kf6 51.Kf4 e5+ 52.Kf3 Kf5 0-1